| 000 | 01330cam4a220028900 4500 | ||
|---|---|---|---|
| 001 | lce01816875 | ||
| 005 | 20190826101700.0 | ||
| 008 | 840725s1977 yu a 000 0beng c | ||
| 010 | _a 84673083 //r903 | ||
| 035 | _a(Sirsi) r104119 | ||
| 035 | _a(DLC) 84673083 //r903 | ||
| 035 | _a(UPRA)lce01816875 | ||
| 040 |
_aMH _cMH _dDLC |
||
| 043 | _ae-yu--- | ||
| 050 | 1 | 4 |
_aDR359.T5 _bE8713x 1977 |
| 100 | 1 |
_aEterovic, Ivo. _6A61303.1 |
|
| 240 | 1 | 0 |
_aNjihovi dani. English _lNjihovi dani. English |
| 245 | 1 | 0 |
_aTito's private life / _cphotographs and text, Ivo Eterovic. |
| 260 |
_aBelgrade : _bJugoslovenska Revija, _c1977. |
||
| 500 | _aIssued also in Macedonian, Serbo-Croatian, and Slovenian. | ||
| 600 | 1 | 0 |
_aTito, Josip Broz, 1892-1980 -- Portraits. _dTito, Josip Broz, 1892-1980 -- Portraits. _xTito, Josip Broz, 1892-1980 -- Portraits. _6S47566.1 |
| 600 | 1 | 0 |
_aBroz, Jovanka -- Portraits. _xBroz, Jovanka -- Portraits. _6S47567.1 |
| 650 | 0 |
_aWives -- Yugoslavia -- Pictorial works. _zWives -- Yugoslavia -- Pictorial works. _xWives -- Yugoslavia -- Pictorial works. _6S47568.1 |
|
| 650 | 0 |
_aPresidents -- Yugoslavia -- Pictorial works. _zPresidents -- Yugoslavia -- Pictorial works. _xPresidents -- Yugoslavia -- Pictorial works. _6S47569.1 |
|
| 949 |
_aDR359.T5 _wlcc _i-148073 _mMAIN _tBOOK _lON-SHELF |
||
| 004 | 104119 | ||
| 999 |
_c163961 _d163961 |
||